Sbornik upražnenij po ALGOLu
Guardado en:
| Autor principal: | |
|---|---|
| Formato: | Libro |
| Lenguaje: | ruso |
| Publicado: |
Moskva :
Nauka,
1975
|
| Etiquetas: |
Sin Etiquetas, Sea el primero en etiquetar este registro!
|
MARC
| LEADER | 00000nam a22000003a 4500 | ||
|---|---|---|---|
| 001 | stu222913 | ||
| 005 | 20150617230124.6 | ||
| 008 | 110323s1976----xxr-----------------rus-d | ||
| 040 | |a STU |b slo | ||
| 041 | 0 | |a rus | |
| 044 | |a xxr | ||
| 080 | |a 681.3.04 | ||
| 080 | |a 519.95 | ||
| 100 | 1 | |a Trifonov, Nikolaj Pavlovič |4 aut | |
| 245 | 1 | |a Sbornik upražnenij po ALGOLu | |
| 260 | |a Moskva : |b Nauka, |c 1975 | ||
| 300 | |a 142 s | ||
| 996 | |b E37652 |c E*37652 |l EE03 |s P |a 0 |w stu222913_0001 | ||